<?xml version="1.0" encoding="UTF-8"?>
<record
    xmlns:xsi="http://www.w3.org/2001/XMLSchema-instance"
    xsi:schemaLocation="http://www.loc.gov/MARC21/slim http://www.loc.gov/standards/marcxml/schema/MARC21slim.xsd"
    xmlns="http://www.loc.gov/MARC21/slim">

  <leader>00434pam a2200157 a 4500</leader>
  <datafield tag="020" ind1=" " ind2=" ">
    <subfield code="a">81-85198-02-0</subfield>
    <subfield code="c"></subfield>
  </datafield>
  <datafield tag="040" ind1=" " ind2=" ">
    <subfield code="a">TEZU_784025</subfield>
  </datafield>
  <datafield tag="041" ind1=" " ind2=" ">
    <subfield code="a">eng</subfield>
  </datafield>
  <datafield tag="082" ind1=" " ind2=" ">
    <subfield code="a">530.12</subfield>
    <subfield code="b">POW</subfield>
  </datafield>
  <datafield tag="100" ind1=" " ind2=" ">
    <subfield code="a">Powell,John L</subfield>
    <subfield code="e">Author</subfield>
  </datafield>
  <datafield tag="245" ind1=" " ind2=" ">
    <subfield code="a">Quantum mechanics</subfield>
    <subfield code="c">by John L.Powell and Bernd Crasemann</subfield>
    <subfield code="h">Textual Documents</subfield>
  </datafield>
  <datafield tag="260" ind1=" " ind2=" ">
    <subfield code="a">New Delhi</subfield>
    <subfield code="b">Narosa Publishing</subfield>
    <subfield code="c">1995</subfield>
  </datafield>
  <datafield tag="300" ind1=" " ind2=" ">
    <subfield code="a">x,508p;24cm</subfield>
  </datafield>
  <datafield tag="700" ind1=" " ind2=" ">
    <subfield code="a">Crasemann,Bernd,</subfield>
    <subfield code="e">Author.</subfield>
  </datafield>
  <datafield tag="930" ind1=" " ind2=" ">
    <subfield code="a">7994</subfield>
  </datafield>
  <datafield tag="999" ind1=" " ind2=" ">
    <subfield code="c">84903</subfield>
    <subfield code="d">84903</subfield>
  </datafield>
  <datafield tag="952" ind1=" " ind2=" ">
    <subfield code="0">0</subfield>
    <subfield code="1">0</subfield>
    <subfield code="4">0</subfield>
    <subfield code="7">0</subfield>
    <subfield code="8">Text Books</subfield>
    <subfield code="a">YMP</subfield>
    <subfield code="b">YMP</subfield>
    <subfield code="d">2021-05-27</subfield>
    <subfield code="e">Goal Book Agency</subfield>
    <subfield code="g">195.00</subfield>
    <subfield code="l">0</subfield>
    <subfield code="o">530.12 POW</subfield>
    <subfield code="p">YMP-38110</subfield>
    <subfield code="r">2023-02-24 00:00:00</subfield>
    <subfield code="t">2</subfield>
    <subfield code="w">2023-02-24</subfield>
    <subfield code="y">BK</subfield>
  </datafield>
  <datafield tag="952" ind1=" " ind2=" ">
    <subfield code="0">0</subfield>
    <subfield code="1">0</subfield>
    <subfield code="4">0</subfield>
    <subfield code="7">0</subfield>
    <subfield code="8">Text Books</subfield>
    <subfield code="a">YMP</subfield>
    <subfield code="b">YMP</subfield>
    <subfield code="d">2021-05-27</subfield>
    <subfield code="e">Goal Book Agency</subfield>
    <subfield code="g">195.00</subfield>
    <subfield code="l">0</subfield>
    <subfield code="o">530.12 POW</subfield>
    <subfield code="p">YMP-38109</subfield>
    <subfield code="r">2023-02-24 00:00:00</subfield>
    <subfield code="t">1</subfield>
    <subfield code="w">2023-02-24</subfield>
    <subfield code="y">BK</subfield>
  </datafield>
</record>
